000 00455nam a2200169Ia 4500
001 56086
008 130118n ii |||gr||||Z||||||465
082 _a891.4117
245 0 _aSrimanta Sankar Bandana Lila Kirtan
_cSukleshwar Das mahanta
_hTextual Documents
250 _aFirst.
260 _aGauhati:
_byaba chapasal.
300 _c20cm.
653 _aSankar Bandana
653 _aT/G-Assamese
700 _aDas mahanta,Sukleshwar .
942 _2ddc
_cBK
999 _c56010
_d56010